000 01033nam0a22002531 4500
001 rc\2907188
005 20250529221747.0
035 _a(NLR Aleph) 007058151
090 _a6258222
_c6258222
100 _a20110804d1937 |||y0rusy50 ca
101 0 _arus
102 _aRU
105 _aa z |||||
200 1 _aИсследование лесов и учет лесного и лесосечного фондов
_fП.В. Горский и К.И. Григорьев
_gНаркомлес СССР. Всесоюз. трест лес. авиации
210 _aЛенинград
_cБ. и.
_d1937
_gфото-литогр. Гослестехиздата
215 _aОбл., 40 с., без тит. л.
_cграф.
_d22×15 см
300 _aЛитогр. изд.
700 1 _aГорский
_bП.В.
_gПавел Васильевич
701 1 _aГригорьев
_bК.И.
_gКонстантин Иванович
801 0 _aRU
_bNLR
_gpsbo
801 1 _aRU
_bELAR
_2rusmarc
852 _aNLR
_j37-10/3432
942 _cBOOK
980 _aNB